Get the Picture: Guardians of the Galaxy Quiz Stats

 Plays Quiz Updated Sep 28, 2019

Score 0/12 Timer 02:00
20 Plays Today
Question Answer Wrong Answers
Has been referred to as Trash Panda Rocket
95.6%
Star-Lord
1.1%
Gamora
0.6%
Drax
0.6%
Frequently listens to 'Awesome Mix Vol. 1' Star-Lord
93%
Gamora
1.8%
Rocket
1.7%
Drax
1.2%
Adopted child of Thanos Gamora
92.5%
Star-Lord
2.9%
Rocket
0.4%
Drax
2%
Has been nicknamed The Destroyer Drax
91.9%
Star-Lord
2.5%
Gamora
1.8%
Rocket
1.7%
Doesn’t understand metaphors Drax
89.4%
Star-Lord
2.1%
Gamora
2.2%
Rocket
4.1%
Father was a Celestial Star-Lord
87.9%
Gamora
7.1%
Rocket
0.7%
Drax
2.2%
Sacrificed for the soul stone Gamora
87.8%
Star-Lord
4.8%
Rocket
1.8%
Drax
3.5%
Owned a spaceship called The Milano Star-Lord
80.8%
Gamora
3.1%
Rocket
12.6%
Drax
1.3%
Assisted in the construction of Stormbreaker Rocket
78.1%
Star-Lord
7.8%
Gamora
6.5%
Drax
5.4%
Claims to have escaped from over 20 prisons Rocket
77.8%
Star-Lord
6.8%
Gamora
3.3%
Drax
9.7%
Sought revenge on Ronan for killing their family Drax
76.8%
Star-Lord
5.9%
Gamora
13.5%
Rocket
1.7%
Member of the Zehoberei race Gamora
64.2%
Star-Lord
1.5%
Rocket
4.3%
Drax
27.9%

Today's Daily Dose

Missing Word
Sherlocks

Word Ladder
King of the Hill

Quick Pick
Songs in Pink

Get the Picture
NBA Teammates

You're not logged in!

Compare scores with friends on all Sporcle quizzes.
OR
Log In

Sporcle TV

Today on Sporcle TV


Watch our educational content, quiz creation guides, and fun videos on Sporcle TV.

Show Comments

Extras

Top Quizzes Today


Score Distribution

Your Account Isn't Verified!

In order to create a playlist on Sporcle, you need to verify the email address you used during registration. Go to your Sporcle Settings to finish the process.

Report this User

Report this user for behavior that violates our Community Guidelines.

Details: